00000000cam 2200000zi 4500
0019.957391
003CaOODSP
00520251211102655
006m     o  d f      
007cr mn|||||||||
008251118e20251211oncd    ob   f000 0 eng d
020 |a9780660797687
040 |aCaOODSP|beng|erda|cCaOODSP
043 |an-cn---
0861 |aCS13-605/2025-1-5E-PDF
24503|aAn overview of the revisions to the financial and wealth accounts, 1999 to 2025.
264 1|a[Ottawa] : |bStatistics Canada = Statistique Canada, |cDecember 11, 2025.
264 4|c©2025
300 |a1 online resource (13 pages) : |bcharts.
336 |atext|btxt|2rdacontent
337 |acomputer|bc|2rdamedia
338 |aonline resource|bcr|2rdacarrier
4901 |aLatest developments in the Canadian economic accounts, |x1705-9658
500 |aCover title.
500 |aIssued also in French under title: Une vue d'ensemble des révisions apportées aux comptes financiers et du patrimoine, 1999 à 2025.
500 |a"Release date: December 11, 2025."
504 |aIncludes bibliographical references.
650 0|aFinance|zCanada|xStatistics|xMethodology.
7102 |aStatistics Canada, |eissuing body.
77508|tUne vue d'ensemble des révisions apportées aux comptes financiers et du patrimoine, 1999 à 2025.|w(CaOODSP)9.957392
830#0|aLatest developments in the Canadian economic accounts (Statistics Canada)|w(CaOODSP)9.898979
85640|qPDF|s497 KB|uhttps://publications.gc.ca/collections/collection_2025/statcan/13-605-x/CS13-605-2025-1-5-eng.pdf
8564 |qHTML|sN/A|uhttps://www150.statcan.gc.ca/n1/pub/13-605-x/2025001/article/00005-eng.htm
986 |a13-605-X